00000000nam##2200000za#4500
0019.572614
003CaOODSP
00520220111083116
007cr |||||||||||
008150406|2001||||xxc|||||o    f|0| 0 eng|d
022 |a1928-6414
040 |aCaOODSP|beng
043 |an-cn---
0861 |aNE22-1/2001-10E-PDF
1101 |aCanada. |bNational Energy Board.
24510|aMaritimes & Northeast Pipeline Management Ltd. (M&NP) : |h[electronic resource]|breasons for decision on the article 17 issue
260 |aCalgary - Alberta : |bNational Energy Board |cNovember 2001.
300 |a11p.
4901 |aReasons for decision|x1928-6414|vRH-3-2001
500 |aCaption title, p. 2 of 11.
590 |a12-10-Supp|b2012-03-23
77508|tMaritimes & Northeast Pipeline Management Ltd. (M&NP) : |w(CaOODSP)9.602959
7760#|tMaritimes & Northeast Pipeline Management Ltd. (M&NP): reasons for decision on the Article 17 issue |w(CaOODSP)9.615883
830#0|aReasons for decision (Canada. National Energy Board)|x1928-6414|vRH-3-2001|w(CaOODSP)9.504480
85640|ahttp://publications.gc.ca|qPDF|s47 KB|uhttps://publications.gc.ca/collections/Collection/NE22-1-2001-10E.pdf|yRH-3-2001